<?xml version="1.0" encoding="UTF-8"?>
<record
    xmlns:xsi="http://www.w3.org/2001/XMLSchema-instance"
    xsi:schemaLocation="http://www.loc.gov/MARC21/slim http://www.loc.gov/standards/marcxml/schema/MARC21slim.xsd"
    xmlns="http://www.loc.gov/MARC21/slim">

  <leader>04175nam a2200673 a 4500</leader>
  <controlfield tag="003">CHAP</controlfield>
  <controlfield tag="005">20240520121747.0</controlfield>
  <controlfield tag="007">ta</controlfield>
  <controlfield tag="008">220808s2020    mx odbafr|||| 001 0 spa d</controlfield>
  <datafield tag="040" ind1=" " ind2=" ">
    <subfield code="a">mxchpua</subfield>
  </datafield>
  <datafield tag="090" ind1=" " ind2=" ">
    <subfield code="a">T.C.830</subfield>
    <subfield code="b">V45 IA</subfield>
    <subfield code="c">2020</subfield>
  </datafield>
  <datafield tag="245" ind1="1" ind2="0">
    <subfield code="a">Revisi&#xF3;n bibliogr&#xE1;fica de tres sistemas-producto y an&#xE1;lisis de procesos de 30 empresas agroindustriales en los estados de Guanajuato, Jalisco y Quer&#xE9;taro /</subfield>
    <subfield code="c">coordinadora Alejandra Vel&#xE1;zquez Castillo ; colaboradores David Aldaco Estrada...[et al.]</subfield>
  </datafield>
  <datafield tag="260" ind1=" " ind2=" ">
    <subfield code="a">Chapingo, M&#xE9;xico :</subfield>
    <subfield code="b">El autor,</subfield>
    <subfield code="c">2020</subfield>
  </datafield>
  <datafield tag="300" ind1=" " ind2=" ">
    <subfield code="a">1 v. (en varias paginaciones) :</subfield>
    <subfield code="b">ilustraciones, gr&#xE1;ficas, mapas, diagramas, tablas, fotos +</subfield>
    <subfield code="e">1 CD-ROM</subfield>
  </datafield>
  <datafield tag="336" ind1=" " ind2=" ">
    <subfield code="2">rdacontent</subfield>
    <subfield code="a">texto</subfield>
    <subfield code="b">txt</subfield>
  </datafield>
  <datafield tag="337" ind1=" " ind2=" ">
    <subfield code="2">rdamedia</subfield>
    <subfield code="a">no mediado</subfield>
    <subfield code="b">n</subfield>
  </datafield>
  <datafield tag="338" ind1=" " ind2=" ">
    <subfield code="2">rdacarrier</subfield>
    <subfield code="a">volumen</subfield>
    <subfield code="b">nc</subfield>
  </datafield>
  <datafield tag="500" ind1=" " ind2=" ">
    <subfield code="a">Grado 4&#xB0; Grupo 1 --
Directorio: p. 140</subfield>
  </datafield>
  <datafield tag="502" ind1=" " ind2=" ">
    <subfield code="a">Viaje de Estudios</subfield>
    <subfield code="b">(IA) --</subfield>
    <subfield code="c">UACh. Departamento de Ingenier&#xED;a Agroindustrial,</subfield>
    <subfield code="d">2020</subfield>
  </datafield>
  <datafield tag="504" ind1=" " ind2=" ">
    <subfield code="a">Incluye bibliograf&#xED;as</subfield>
  </datafield>
  <datafield tag="505" ind1="0" ind2=" ">
    <subfield code="t">1. AVIGM S.A. de C.V. --
2. El gran chaprral de S.A. de S.V. --
3. Ingenio Ameca S.A. de C.V. --
4. Dulces Chompys S.A. de C.V. --
5. Empacadora Bonnacarne S.A. de C.V. --
6. Central Industrializadora del C&#xE1;rnicos del Baj&#xED;o S.A. de C.V. --
7. Unidad de Investigaci&#xF3;n Aplicada a Producci&#xF3;n Cun&#xED;cula --
8. Medina Torres S.A. de C.V. --
9. Rastro Municipal de Qur&#xE9;taro TIP 412 --
10. Agroap&#xED;cola de Jalisco S. de P.R. de R.L. --
11. Apiarios La T&#xED;a Trini S.A. de C.V. --
12. Ingredion S.A. de C.V. --
13. Malta Cleyton S.A. de C.V. --
14. Industrias Melder S.A. de C.V. --
15. Planta de Alimentos Balanceados de la Uni&#xF3;n Ganadera Regional de Guanajuato --
16. LICONSA S.A. de C.V. --
17. Sigma Alimentos L&#xE1;cteos S.A. de S.V. --
18. Rancho La Hondonada --
19. Dulces Bernal y Casa Museo del Dulce --
20. L&#xE1;cteos Nieves Fiesta de S. de R.L. de C.V. --
21. Harinera 6 Hermanos S.A. de C.V. --
22. Grupo Agroindustrial El Progreso de S.A. de C.V. --
23. Harinera de Atotonilco S.A. de C.V. --
24. Industrializadora Oleofinos S.A. de C.V. --
25. Cervecer&#xED;a Primus S.A. de C.V. --
26. Grupo Fronde --
27. Agrovida Produce Noria Nueva S.A. de C.V. --
28. Cristalita S.A. de C.V. --
29. Tequila Don Valente --
30. Finca Sala Viv&#xE9; by Freixenet M&#xE9;xico S.A. de C.V.</subfield>
    <subfield code="a">Visitas: --</subfield>
  </datafield>
  <datafield tag="650" ind1="1" ind2="3">
    <subfield code="a">Industria del ganado y de la carne  </subfield>
    <subfield code="z">M&#xE9;xico</subfield>
  </datafield>
  <datafield tag="650" ind1="1" ind2="3">
    <subfield code="a">Plantas empacadoras de carne  </subfield>
    <subfield code="x">Calidad del producto</subfield>
    <subfield code="z">M&#xE9;xico</subfield>
  </datafield>
  <datafield tag="650" ind1="1" ind2="3">
    <subfield code="a">Productos c&#xE1;rnicos  </subfield>
    <subfield code="x">Comercializaci&#xF3;n</subfield>
  </datafield>
  <datafield tag="650" ind1="1" ind2="3">
    <subfield code="a">Miel y productos fabricados por abejas</subfield>
    <subfield code="x">Calidad del producto</subfield>
  </datafield>
  <datafield tag="650" ind1="1" ind2="3">
    <subfield code="a">Miel</subfield>
    <subfield code="x">Comercializaci&#xF3;n</subfield>
  </datafield>
  <datafield tag="650" ind1="1" ind2="3">
    <subfield code="a">Edulcorantes</subfield>
    <subfield code="x">Industria y comercio</subfield>
    <subfield code="z">M&#xE9;xico</subfield>
  </datafield>
  <datafield tag="650" ind1="1" ind2="3">
    <subfield code="a">Edulcorantes</subfield>
    <subfield code="x">Calidad del producto</subfield>
  </datafield>
  <datafield tag="650" ind1="1" ind2="3">
    <subfield code="9">61111</subfield>
    <subfield code="a">Jarabe de ma&#xED;z</subfield>
  </datafield>
  <datafield tag="650" ind1="1" ind2="3">
    <subfield code="9">185229</subfield>
    <subfield code="a">Jarabe de agave</subfield>
  </datafield>
  <datafield tag="650" ind1="1" ind2="3">
    <subfield code="9">185353</subfield>
    <subfield code="a">Edulcorantes a base de estevia</subfield>
  </datafield>
  <datafield tag="650" ind1="1" ind2="3">
    <subfield code="a">F&#xE1;bricas de piensos</subfield>
    <subfield code="z">M&#xE9;xico</subfield>
  </datafield>
  <datafield tag="650" ind1="1" ind2="3">
    <subfield code="a">Industria del huevo  </subfield>
    <subfield code="z">M&#xE9;xico</subfield>
  </datafield>
  <datafield tag="650" ind1="1" ind2="3">
    <subfield code="a">Industria azucarera</subfield>
    <subfield code="z">M&#xE9;xico</subfield>
  </datafield>
  <datafield tag="650" ind1="1" ind2="3">
    <subfield code="a">Industria lechera</subfield>
    <subfield code="z">M&#xE9;xico</subfield>
  </datafield>
  <datafield tag="650" ind1="1" ind2="3">
    <subfield code="a">Industria molinera  </subfield>
    <subfield code="z">M&#xE9;xico</subfield>
  </datafield>
  <datafield tag="650" ind1="1" ind2="3">
    <subfield code="a">Industria de las hortalizas</subfield>
    <subfield code="z">M&#xE9;xico</subfield>
  </datafield>
  <datafield tag="650" ind1="1" ind2="3">
    <subfield code="a">Industria de bebidas  </subfield>
    <subfield code="z">M&#xE9;xico</subfield>
  </datafield>
  <datafield tag="650" ind1="1" ind2="3">
    <subfield code="a">Livestock and meat industry</subfield>
    <subfield code="z">Mexico</subfield>
  </datafield>
  <datafield tag="650" ind1="1" ind2="3">
    <subfield code="a">Meat packing plants  </subfield>
    <subfield code="x">Product quality</subfield>
    <subfield code="z">Mexico</subfield>
  </datafield>
  <datafield tag="650" ind1="1" ind2="3">
    <subfield code="a">Meat products  </subfield>
    <subfield code="x">Commercialization</subfield>
  </datafield>
  <datafield tag="650" ind1="1" ind2="3">
    <subfield code="a">Honey and bee products</subfield>
    <subfield code="x">Product quality</subfield>
  </datafield>
  <datafield tag="650" ind1="1" ind2="3">
    <subfield code="a">Honey</subfield>
    <subfield code="x">Commercialization</subfield>
  </datafield>
  <datafield tag="650" ind1="1" ind2="3">
    <subfield code="a">Sweeteners  </subfield>
    <subfield code="x">Product quality</subfield>
  </datafield>
  <datafield tag="650" ind1="1" ind2="3">
    <subfield code="a">Sweeteners  </subfield>
    <subfield code="x">Industry and trade</subfield>
  </datafield>
  <datafield tag="650" ind1="1" ind2="3">
    <subfield code="9">185352</subfield>
    <subfield code="a">Corn syrup</subfield>
  </datafield>
  <datafield tag="650" ind1="1" ind2="3">
    <subfield code="9">185230</subfield>
    <subfield code="a">Agave syrup</subfield>
  </datafield>
  <datafield tag="650" ind1="1" ind2="3">
    <subfield code="9">185354</subfield>
    <subfield code="a">Stevia based sweeteners</subfield>
  </datafield>
  <datafield tag="650" ind1="1" ind2="3">
    <subfield code="a">Feed mills</subfield>
    <subfield code="z">M&#xE9;xico</subfield>
  </datafield>
  <datafield tag="650" ind1="1" ind2="3">
    <subfield code="a">Egg industry  </subfield>
    <subfield code="z">Mexico</subfield>
  </datafield>
  <datafield tag="650" ind1="1" ind2="3">
    <subfield code="a">Sugar industry  </subfield>
    <subfield code="z">Mexico</subfield>
  </datafield>
  <datafield tag="650" ind1="1" ind2="3">
    <subfield code="a">Dairy industry</subfield>
    <subfield code="z">Mexico</subfield>
  </datafield>
  <datafield tag="650" ind1="1" ind2="3">
    <subfield code="a">Milling industry  </subfield>
    <subfield code="z">Mexico</subfield>
  </datafield>
  <datafield tag="650" ind1="1" ind2="3">
    <subfield code="a">Vegetable industry</subfield>
    <subfield code="z">Mexico</subfield>
  </datafield>
  <datafield tag="650" ind1="1" ind2="3">
    <subfield code="a">Beverage industry  </subfield>
    <subfield code="z">Mexico</subfield>
  </datafield>
  <datafield tag="700" ind1="1" ind2=" ">
    <subfield code="a">Vel&#xE1;zquez Castillo, Alejandra</subfield>
    <subfield code="e">coordinadora</subfield>
  </datafield>
  <datafield tag="700" ind1="1" ind2=" ">
    <subfield code="9">185351</subfield>
    <subfield code="a">Aldaco Estrada, David</subfield>
    <subfield code="e">colaborador</subfield>
  </datafield>
  <datafield tag="856" ind1="4" ind2="1">
    <subfield code="u">http://10.13.5.2/ve/T_C_830_IA/T_C_830_IA_2020_REPORTE.pdf</subfield>
    <subfield code="y">DESCARGAR REPORTE</subfield>
  </datafield>
  <datafield tag="999" ind1=" " ind2=" ">
    <subfield code="c">217567</subfield>
    <subfield code="d">217567</subfield>
  </datafield>
  <datafield tag="952" ind1=" " ind2=" ">
    <subfield code="0">0</subfield>
    <subfield code="1">0</subfield>
    <subfield code="2">local</subfield>
    <subfield code="4">0</subfield>
    <subfield code="5">1</subfield>
    <subfield code="7">0</subfield>
    <subfield code="8">VE</subfield>
    <subfield code="a">IA_</subfield>
    <subfield code="b">IA_</subfield>
    <subfield code="d">2022-08-08</subfield>
    <subfield code="e">El autor</subfield>
    <subfield code="l">0</subfield>
    <subfield code="o">T.C.830 V45 IA 2020</subfield>
    <subfield code="p">1106013508</subfield>
    <subfield code="r">2026-01-26 00:00:00</subfield>
    <subfield code="t">Ej. 1</subfield>
    <subfield code="w">2022-08-08</subfield>
    <subfield code="y">VE</subfield>
  </datafield>
  <datafield tag="952" ind1=" " ind2=" ">
    <subfield code="0">0</subfield>
    <subfield code="1">0</subfield>
    <subfield code="2">local</subfield>
    <subfield code="4">0</subfield>
    <subfield code="5">5</subfield>
    <subfield code="7">0</subfield>
    <subfield code="8">VE</subfield>
    <subfield code="a">IA_</subfield>
    <subfield code="b">IA_</subfield>
    <subfield code="d">2022-08-08</subfield>
    <subfield code="e">El autor</subfield>
    <subfield code="l">1</subfield>
    <subfield code="o">T.C.830 V45 IA 2020</subfield>
    <subfield code="p">1106013509</subfield>
    <subfield code="r">2023-01-19 00:00:00</subfield>
    <subfield code="s">2023-01-19</subfield>
    <subfield code="t">Ej. 2</subfield>
    <subfield code="w">2022-08-08</subfield>
    <subfield code="y">CD</subfield>
  </datafield>
  <datafield tag="952" ind1=" " ind2=" ">
    <subfield code="0">0</subfield>
    <subfield code="1">0</subfield>
    <subfield code="2">local</subfield>
    <subfield code="4">0</subfield>
    <subfield code="5">5</subfield>
    <subfield code="7">0</subfield>
    <subfield code="8">VE</subfield>
    <subfield code="a">IA_</subfield>
    <subfield code="b">IA_</subfield>
    <subfield code="d">2022-08-08</subfield>
    <subfield code="e">El autor</subfield>
    <subfield code="l">0</subfield>
    <subfield code="o">T.C.830 V45 IA 2020</subfield>
    <subfield code="p">1106013510</subfield>
    <subfield code="r">2022-08-08 00:00:00</subfield>
    <subfield code="t">Ej. 3</subfield>
    <subfield code="w">2022-08-08</subfield>
    <subfield code="y">CD</subfield>
  </datafield>
  <datafield tag="952" ind1=" " ind2=" ">
    <subfield code="0">0</subfield>
    <subfield code="1">0</subfield>
    <subfield code="2">ddc</subfield>
    <subfield code="4">0</subfield>
    <subfield code="7">0</subfield>
    <subfield code="8">VEE</subfield>
    <subfield code="a">IA_</subfield>
    <subfield code="b">IA_</subfield>
    <subfield code="c">E_L</subfield>
    <subfield code="d">2023-02-24</subfield>
    <subfield code="e">El autor</subfield>
    <subfield code="l">0</subfield>
    <subfield code="o">T.C.830 V45 IA 2020</subfield>
    <subfield code="p">1206013508</subfield>
    <subfield code="r">2023-02-24 00:00:00</subfield>
    <subfield code="w">2023-02-24</subfield>
    <subfield code="y">VEE</subfield>
  </datafield>
</record>
